Statistiques concernant Les unités de mesure

Cliquez ici pour prendre le quiz!

Statistiques générales

  • Ce quiz a été pris 193 fois
  • Le résultat moyen est 14 sur 21

Statistiques - réponses

TaillePréfixeSymbole% Correct
1 000kilok
100%
0.1décid
98%
0.01centic
97%
10decada
97%
100hectoh
97%
1 000 000mégaM
96%
0.001milim
96%
1 000 000 000gigaG
95%
1unitém
95%
0.000 001microµ
93%
0.000 000 001nanon
91%
1 000 000 000 000téraT
89%
0.000 000 000 001picop
70%
1 000 000 000 000 000 000 000zettaZ
50%
1 000 000 000 000 000petaP
49%
0.000 000 000 000 001femtof
47%
1 000 000 000 000 000 000 000 000yottaY
44%
1 000 000 000 000 000 000exaE
13%
0.000 000 000 000 000 001attoa
11%
0.000 000 000 000 000 000 001zeptoz
10%
0.000 000 000 000 000 000 000 001yoctoy
8%

Distribution des résultats

Percentile par nombre de réponses

% des personnes avec chaque résultat

Votre développement - résultats

Vous n’avez pas pris ce quiz